Normal view
MARC view
- قانون العقوبات -- الجرائم الجنسية -- قوانيين وتشريعات -- الأردن
Entry Topical Term
001 - CONTROL NUMBER
- control field: 31727
003 - CONTROL NUMBER IDENTIFIER
- control field: JO-AjAnu
005 - DATE AND TIME OF LATEST TRANSACTION
- control field: 20230606075335.0
008 - FIXED-LENGTH DATA ELEMENTS
- fixed length control field: 230606|| aca||aabn | a|a d
040 ## - CATALOGING SOURCE
- Original cataloging agency: JO-AjAnu
- Transcribing agency: JO-AjAnu
150 ## - HEADING--TOPICAL TERM
- Topical term or geographic name entry element: قانون العقوبات -- الجرائم الجنسية -- قوانيين وتشريعات -- الأردن
670 ## - SOURCE DATA FOUND
- Source citation: Work cat.: (JO-AjAnu)16290: السعيد، كامل , author 31726, شرح قانون العقوبات : الجرائم الواقعة على الشرف ، الذم ،القدح ، التحقير، التهديد، خرق حرمة المنزل ، الحرمان من الحرية الشخصية ، إفشاء الأسرار، إفشاء المخابرة الهاتفية " دراسة تحليلية مقارنة "